000 00712cam a22002053a 4500
001 40240
003 PGUSA
005 20140828083909.0
008 120715s2012||||xxu|||||s|||||000 | eng d
040 _aPGUSA
_beng
042 _adc
100 1 _aOlmsted, Denison,
_d1791-1859
245 1 0 _aLetters on Astronomy :
_bin which the Elements of the Science are Familiarly Explained in Connection with Biographical Sketches of the Most Eminent Astronomers
_h[electronic resource] /
_cDenison Olmsted
260 _bProject Gutenberg,
_c2012
506 _aPublic domain in the USA.
516 _aElectronic text
830 0 _aProject Gutenberg
_v40240
856 4 0 _uhttp://www.gutenberg.org/ebooks/40240
942 _cEB
999 _c269493
_d269493